000 00583nam a2200217Ia 4500
005 20250923150042.0
008 008 250917s9999 xx 000 0 eng d
037 _aTextual
040 _aDSWL
_beng
_cDSWL
041 _aeng
_2eng
084 _aYI5.2, Poo1-3
_qDSWL
100 _aArya, Anita
_9841693
245 0 _aIndian women : Education and employment
_c by Anita Arya
260 _aNew Delhi
_bGyan Pub
_c2000
300 _a280 p.
365 _aINR
_b500
490 _vV-II
925 _g500
942 _cTEXL
_hYI5.2, Poo1-3
999 _c1459003
_d1459003